Okna : Správná řešení pro novostavby i rekonstrukce
Saved in:
| Main Author: | |
|---|---|
| Format: | Book |
| Language: | Czech |
| Published: |
Praha :
Grada Publishing,
2008
|
| Edition: | 1.vyd. |
| Tags: |
No Tags, Be the first to tag this record!
|
MARC
| LEADER | 00000nam a22000003a 4500 | ||
|---|---|---|---|
| 001 | stu176226 | ||
| 005 | 20190206132303.1 | ||
| 008 | 081125s2008----xr------------------cze-d | ||
| 020 | |a 978-80-247-2674-8 | ||
| 040 | |a STU |b slo | ||
| 041 | 0 | |a cze | |
| 044 | |a xr | ||
| 080 | |a 69.028.2 |7 stu_us_auth*stu3506 | ||
| 100 | 1 | |a Motyková, Adela |4 aut | |
| 245 | 1 | |a Okna : |b Správná řešení pro novostavby i rekonstrukce | |
| 250 | |a 1.vyd. | ||
| 260 | |a Praha : |b Grada Publishing, |c 2008 | ||
| 300 | |a 112 s.;obr | ||
| 500 | |a prel. z slovenského orig. | ||
| 996 | |b 284V031279 |c V*50354/O-22487 |l VVT |s A |a 24 |w stu176226_0001 | ||